shopping English-French - Statistiques

Statistiques générales
  • Ce quiz a été pris 26 fois
  • Le résultat moyen est 6 sur 48
Statistiques - réponses
Hint Réponse % Correct
sales ventes / soldes
69%
a bakery boulangerie
50%
to order commander
50%
to/ a purchase acheter / achat
44%
receipt reçu
44%
shopping mall centre commercial
38%
a grocery store épicerie
31%
the after-sales service le service après-vente
25%
to replace remplacer
25%
second hand d’occasion
19%
a / to bill facture / facturer
19%
a supplier fournisseur
19%
warranty garantie
19%
discount remise
19%
an income revenu
19%
cash register caisse
13%
in cash en liquide
13%
a supplier fournisseur
13%
warranty garantie
13%
window-shopping lèche-vitrine
13%
small change monnaie
13%
a drugstore pharmacie
13%
refund remboursement
13%
voucher bon
6%
in cash en liquide
6%
out of stock en rupture de stock
6%
refund remboursement
6%
a check un chèque
6%
shop assistant vendeur / vendeuse
6%
an aisle allée d’un magasin
0%
wholesale en gros
0%
grocery store épicerie
0%
display étalage / exposition
0%
to fit sb être à la taille de
0%
to charge faire payer
0%
window-shopping lèche-vitrine
0%
the counter le guichet
0%
a price tag l’étiquette de prix
0%
news agent marchand de journaux
0%
coin pièce de monnaie
0%
outlet point de vente
0%
worth £ ... ...................................... qui vaut
0%
a department rayon
0%
to afford ( a purchase) se permettre
0%
a banknote un billet
0%
a patron un client
0%
a bargain une bonne affaire
0%
shoplifting vol à l’étalage
0%
Aucun quiz correspondant
Distribution des résultats
% des personnes avec chaque résultat
Percentile par nombre de réponses
Votre historique - résultats
Vous n’avez pas pris ce quiz